Plasma physics and controlled nuclear fusion (Record no. 11772)

MARC details
000 -LEADER
fixed length control field 00566nam a2200181Ia 4500
003 - CONTROL NUMBER IDENTIFIER
control field IN-BaIIA
008 - FIXED-LENGTH DATA ELEMENTS--GENERAL INFORMATION
fixed length control field 211028s9999 xx 000 0 eng d
020 ## - INTERNATIONAL STANDARD BOOK NUMBER
International Standard Book Number 92-9092-246-X
040 ## - CATALOGING SOURCE
Transcribing agency IIA Library
080 ## - UNIVERSAL DECIMAL CLASSIFICATION NUMBER
Universal Decimal Classification number 533.1(082.1)
Item number ESA
100 ## - MAIN ENTRY--PERSONAL NAME
Personal name Guyenne, T. D
9 (RLIN) 13910
245 #0 - TITLE STATEMENT
Title Plasma physics and controlled nuclear fusion
Statement of responsibility, etc. T. D Guyenne
260 ## - PUBLICATION, DISTRIBUTION, ETC.
Place of publication, distribution, etc. noordwijk
Name of publisher, distributor, etc. European Space Agency
Date of publication, distribution, etc. 1993
300 ## - PHYSICAL DESCRIPTION
Extent [various pagings.]
650 ## - SUBJECT ADDED ENTRY--TOPICAL TERM
Topical term or geographic name entry element Controlled fusion
9 (RLIN) 3830
650 ## - SUBJECT ADDED ENTRY--TOPICAL TERM
Topical term or geographic name entry element Plasma physics
9 (RLIN) 3732
942 ## - ADDED ENTRY ELEMENTS (KOHA)
Koha item type Books
Holdings
Withdrawn status Lost status Damaged status Not for loan Home library Current library Shelving location Date acquired Total Checkouts Full call number Barcode Date last seen Price effective from Koha item type
        IIA Library-Bangalore IIA Library-Bangalore General Stacks 13/06/1996   533.1(082.1)/ ESA 12687 05/11/2021 13/06/1996 Books

Powered by Koha